| 000 | 00824nam a2200193Ia 4500 | ||
|---|---|---|---|
| 003 | OSt | ||
| 005 | 20200917152459.0 | ||
| 008 | 191128s1825 uy gr 000 0 spa d | ||
| 040 |
_aCO-JMCR _cCO-JMCR |
||
| 041 | _aspa | ||
| 082 | 0 | 4 |
_aR / _b335 .41203 |
| 100 | 1 |
_aBorisov, E. F, _eautor _910392 |
|
| 245 | 1 | 0 |
_aDiccionario de economía política / _cbajo la dirección de Borisov, Zhamin, Makárova |
| 260 |
_aUruguay : _bPueblos unidos, _c1825 |
||
| 300 |
_a251 páginas ; _c24 cm. |
||
| 520 | _aEl presente diccionario de economía política va destinado a quienes estudian esta disiplina en los cursos de educación politíca. Tambien será de utilidad para los alumnos de economía política en los centros de enseñanza superior y en las escuelas técnicas | ||
| 650 | 1 | 4 |
_aEconomía política _910393 |
| 942 |
_2ddc _cBK |
||
| 999 |
_c4354 _d4354 |
||